Statystyki dla Imiona i nazwiska polskich youtuberów i streamerów

Kliknij tutaj aby rozwiązać quiz!

Ogólne statystyki

  • Ten quiz został rozwiązany 301 razy
  • Średni wynik to 24 z 50

Statystyki odpowiedzi

HintOdpowiedź% Poprawnych
Weronika SowaWersow
97%
Karol WiśniewskiFriz
95%
Agata FąkFagata
91%
Jakub PateckiPatec
91%
Mateusz TrąbkaTromba
88%
Natalia KaczmarczykNatsu
85%
Remigiusz WierzgońRezi
82%
Tomasz DziałowyGimper
80%
Marek KruszelKruszwil
78%
Mateusz KrzyżanowskiMini Majk
78%
Sergiusz GórskiNitro
78%
Adam ZimmermannNaruciak
73%
Karol GązwaBlowek
72%
Marta BłochMurcix
72%
Michał BaronBoxdel
71%
Szymon KasprzykIsamu
64%
Norbert GierczakDis
62%
Piotr SkowyrskiIzak
56%
Amadeusz RoślikFerrari
55%
Łukasz SamońMandzio
55%
Julia PelcQueen of the Black
54%
Krzysztof LekstanLeksiu
53%
Michał RychlikMulti
53%
Ignacy ŁukowskiKolega Ignacy
52%
Remigiusz MaciaszekRock
51%
Marcin MajkutXayoo
51%
Paweł JaworskiJawor
50%
Karol DąbrowskiKarolek
41%
Mateusz PągowskiPago
38%
Florian Skowronskkf
38%
Maciej DąbrowskiZ Dupy
38%
Adam WiejakPoszukiwacz
37%
Weronika HeckMamiko
30%
Paweł SmektalskiUnbox
26%
Jakub PiotrowiczJapczan
25%
Kamil KalińskiKaluch
24%
Karolina SmoguleckaZusje
21%
Paweł DiduszkoBladii
19%
Katarzyna PaciorekKasix
18%
Karolina BrodnickaNieuczesana
17%
Patryk CzopurLukiSteve
16%
Tomasz BagińskiRevo
14%
Darek HoffmannSciFun
14%
Jakub WrotniakJacob
13%
Kamil LachowskiEwron
12%
Jakub FrączekParamaxil
12%
Adam Witkowskivito
11%
Wojciech TomalkaWojan
11%
Piotr LatałaZiemniak
9%
Jakub RokickiMerghani
8%

Rozkład punktacji

Percentyl według liczby udzielonych odpowiedzi

Procent ludzi z każdym wynikiem

Twoja historia wyników

Nie rozwiązałeś tego quizu